Prc̀ticas de Derecho Internacional Pb︢lico

Detalles Bibliográficos
Otros Autores: Galinsoga Jord,̀ Albert (coord.), Palomares Amat, Miquel (coord.)
Formato: Desconocido
Lenguaje:español
Publicado: Barcelona : Bosh Editor, 2005
Materias:
Acceso en línea:Acceso restringido

MARC

LEADER 00000ny a22000003n 4500
005 20110603135914.0
008 100325r2005 sp s 0|| | spa d
020 |a 9788476987445 
035 |a 1111 
040 |d vLex 
090 |c 445  |d 445 
245 0 0 |a Prc̀ticas de Derecho Internacional Pb︢lico  |h [Recurso electrn̤ico]  |c Albert Galinsoga Jord,̀ Miquel Palomares Amat  
256 |a Servicio en ln̕ea 
260 |a Barcelona :  |b Bosh Editor,  |c 2005 
506 1 |a Contenido solo disponible en los productos indicados  |d vLex Global  |d vLex Global (Academic Edition, excluding Law Schools)  |d vLex Global (U.S. Academic Edition, Law Schools)  |d vLex Global (U.S. Academic Edition, excluding Law Schools)  |d vLex Global (Academic Edition, Law Schools) 
650 0 7 |a Derecho internacional  |2 Tesauro vLex 
650 0 7 |a Civil  |2 Tesauro vLex 
700 1 |a Galinsoga Jord,̀ Albert,  |e coord. 
700 1 |a Palomares Amat, Miquel,  |e coord.  
740 0 |a vLex Libros (Servicios en ln̕ea) 
856 4 0 |u http://vlex.com/source/1111  |z Acceso restringido 
942 |c BOOK 
999 0 |a International Law   |b Barcelona